000 00519nam a2200217Ia 4500
003 OSt
005 20220924143122.0
006 a|||||r|||| 00| 0
007 ta
008 220923b |||||||| |||| 00| 0 ori d
024 _a306744
037 _cTextual
040 _aARTS
_cARTS
_bORI
041 _2ORI
_aORI
082 _aDelta, 1591K5
100 _aMallick B
_9214823
245 0 _aJanmabhumi
260 _c1965
942 _hDelta, 1591K5
_cTEXL
_2CC
999 _c453220
_d453220